000 00338nam a2200133 i 4500
001 bg
100 1 _aVOINOV, V. G.
245 0 _aMnogokratnoe rassejanie častic v jadernych fotoemulsijach /
_cV.G. Voinov.
260 _aAłma-Ata,
_c1969.
040 _cBPK
041 _apol
942 _cKS
008 s pl f |000 0 pol
999 _c12808
_d12808
856 _uhttp://koha.tu.koszalin.pl/cgi-bin/koha/opac-detail.pl?biblionumber=12808
_yKatalog online BPK